| 000 | 00482nam a2200169Ia 4500 | ||
|---|---|---|---|
| 999 |
_c30014 _d30014 |
||
| 003 | OSt | ||
| 005 | 20201231122102.0 | ||
| 008 | 190216s9999||||xx |||||||||||||| ||und|| | ||
| 020 | _a9798184230689 | ||
| 040 | _coclc | ||
| 082 |
_a894.8127 _bMOH/K |
||
| 100 |
_aMohanavarma, K L _96455 |
||
| 245 | 0 |
_aKariachante Lokam / _cK L Mohanavarma |
|
| 260 |
_bGreen Books, _c2010. _aThrissur: |
||
| 300 | _a108p | ||
| 942 |
_cBK _2ddc _h894.8127 _iMOH/K _k894.8127 _mMOH/K |
||